[Event "Bad Zwesten op 17th"]
[Site "Bad Zwesten"]
[Date "2017.01.04"]
[Round "4"]
[White "Moderow, Ramon"]
[Black "Simon, Goetz Jochen"]
[Result "1/2-1/2"]
[WhiteElo "1448"]
[BlackElo "1824"]
[PlyCount "80"]
[EventDate "2017.01.02"]
[EventType "swiss"]
[EventRounds "7"]
[EventCountry "GER"]
[SourceTitle "CBM 176 Extra"]
[Source "ChessBase"]
[SourceDate "2017.03.02"]
[SourceVersion "1"]
[SourceVersionDate "2017.03.02"]
[SourceQuality "1"]

1. e4 e5 2. Nf3 Nc6 3. Bb5 a6 4. Bxc6 dxc6 5. 0-0 Bd6 6. d4 Bg4 7. Be3 Nf6 8. h3 Bxf3 9. Qxf3 h6 10. Nd2 0-0 11. c3 Re8 12. Rfe1 Qe7 13. Re2 Rad8 14. Rae1 Rd7 15. Nc4 b6 16. Nxe5 Bxe5 17. dxe5 Qxe5 18. Bf4 Qe6 19. a3 Kh7 20. Qe3 Rg8 21. f3 g5 22. Bh2 h5 23. Rd2 g4 24. hxg4 hxg4 25. Rxd7 Qxd7 26. f4 Re8 27. e5 Qe6 28. Kf2 Qf5 29. Qd2 Nh5 30. Qd4 Rg8 31. g3 Re8 32. Qe4 Qxe4 33. Rxe4 f6 34. Rd4 Re7 35. Kg2 Ng7 36. Bg1 Ne6 37. Rd1 a5 38. Be3 a4 39. b4 Kg7 40. c4 Kf7 1/2-1/2

[Event "Bad Zwesten op 17th"]
[Site "Bad Zwesten"]
[Date "2017.01.03"]
[Round "2"]
[White "Hildebrand, Georg"]
[Black "Simon, Goetz Jochen"]
[Result "1/2-1/2"]
[WhiteElo "1513"]
[BlackElo "1824"]
[PlyCount "50"]
[EventDate "2017.01.02"]
[EventType "swiss"]
[EventRounds "7"]
[EventCountry "GER"]
[SourceTitle "CBM 176 Extra"]
[Source "ChessBase"]
[SourceDate "2017.03.02"]
[SourceVersion "1"]
[SourceVersionDate "2017.03.02"]
[SourceQuality "1"]

1. c4 c5 2. Nc3 Nf6 3. g3 e6 4. Bg2 d5 5. cxd5 exd5 6. e3 Nc6 7. a3 Be7 8. Nge2 0-0 9. 0-0 Be6 10. Nf4 d4 11. Nxe6 fxe6 12. Ne2 Qd7 13. Qb3 Kh8 14. Nf4 Nd8 15. exd4 c4 16. Qxc4 Rc8 17. Qd3 Bd6 18. Nh3 Bc5 19. Rb1 Bxd4 20. Kh1 Nc6 21. f4 Bb6 22. Qxd7 Nxd7 23. b4 a6 24. Bb2 Rc7 25. Ng5 Nd8 1/2-1/2

[Event "Bad Zwesten op 17th"]
[Site "Bad Zwesten"]
[Date "2017.01.02"]
[Round "1"]
[White "Simon, Goetz Jochen"]
[Black "Liu, Guanchu"]
[Result "1-0"]
[WhiteElo "1824"]
[BlackElo "2424"]
[PlyCount "65"]
[EventDate "2017.01.02"]
[EventType "swiss"]
[EventRounds "7"]
[EventCountry "GER"]
[SourceTitle "CBM 176 Extra"]
[Source "ChessBase"]
[SourceDate "2017.03.02"]
[SourceVersion "1"]
[SourceVersionDate "2017.03.02"]
[SourceQuality "1"]

1. e4 c6 2. d4 d5 3. Nc3 dxe4 4. Nxe4 Nd7 5. Nf3 Ngf6 6. Ng3 e6 7. Bd3 c5 8. 0-0 Qc7 9. Re1 Be7 10. c3 cxd4 11. cxd4 0-0 12. Qe2 b6 13. Bg5 Bb7 14. Ne5 Bd5 15. Rac1 Qd8 16. Bb1 Rc8 17. h4 h6 18. Rxc8 Qxc8 19. Rc1 Qb7 20. Nxd7 Qxd7 21. Bxf6 Bxf6 22. Qd3 g6 23. h5 Rc8 24. Re1 Rc4 25. Ne2 Qb7 26. hxg6 fxg6 27. a3 Rc7 28. Nf4 Rg7 29. Bc2 Qd7 30. Bb3 Bxb3 31. Qxb3 Kh7 32. Nxe6 Re7 33. Nf8+ 1-0

[Event "Hessen-ch Seniors op 10th"]
[Site "Bad Sooden-Allendorf"]
[Date "2014.05.02"]
[Round "7"]
[White "Simon, Goetz Jochen"]
[Black "Mittelstaedt, Ewald"]
[Result "1-0"]
[WhiteElo "1844"]
[BlackElo "1641"]
[PlyCount "75"]
[EventDate "2014.04.26"]
[EventType "swiss"]
[EventRounds "9"]
[EventCountry "GER"]
[SourceTitle "EXT 2018"]
[Source "ChessBase"]
[SourceDate "2017.10.13"]
[SourceVersion "1"]
[SourceVersionDate "2017.10.13"]
[SourceQuality "1"]

1. e4 e6 2. d4 d5 3. Nd2 dxe4 4. Nxe4 Be7 5. Nf3 Nd7 6. Bd3 Ngf6 7. 0-0 Nxe4 8. Bxe4 0-0 9. Re1 Nf6 10. Bd3 h6 11. c3 c5 12. Qc2 b6 13. Bf4 Bb7 14. Qe2 Qc8 15. h3 a6 16. a4 Nd5 17. Bd2 Qd8 18. Qe4 f5 19. Qxe6+ Kh8 20. c4 Rf6 21. Qe2 Bd6 22. cxd5 Bxd5 23. dxc5 Re6 24. Qd1 Bxc5 25. Rxe6 Bxe6 26. Qc2 Rc8 27. Bc3 Kg8 28. Re1 Qd5 29. Bxa6 Rd8 30. b4 Bf8 31. Nd4 Bc8 32. Bb5 Bb7 33. Nf3 Bd6 34. Qb2 Bf8 35. Bd4 Qd6 36. Bc4+ Kh8 37. Re6 Qxb4 38. Rxh6# 1-0

[Event "Hessen-ch Seniors op 10th"]
[Site "Bad Sooden-Allendorf"]
[Date "2014.04.28"]
[Round "3"]
[White "Simon, Goetz Jochen"]
[Black "Rollwitz, Juergen"]
[Result "1-0"]
[WhiteElo "1844"]
[BlackElo "1841"]
[PlyCount "107"]
[EventDate "2014.04.26"]
[EventType "swiss"]
[EventRounds "9"]
[EventCountry "GER"]
[SourceTitle "EXT 2018"]
[Source "ChessBase"]
[SourceDate "2017.10.13"]
[SourceVersion "1"]
[SourceVersionDate "2017.10.13"]
[SourceQuality "1"]

1. e4 e5 2. Nf3 d6 3. d4 exd4 4. Nxd4 Nf6 5. Nc3 Be7 6. Bd3 a6 7. 0-0 0-0 8. a4 c6 9. h3 Nbd7 10. Nf5 Nc5 11. Nxe7+ Qxe7 12. Bf4 Re8 13. Re1 Ncd7 14. Re2 Ne5 15. Re3 Be6 16. b3 Rad8 17. Qe2 h6 18. Bh2 Nxd3 19. Rxd3 d5 20. exd5 Bxd5 21. Re3 Qd7 22. Be5 Nh7 23. Rd1 f6 24. Nxd5 cxd5 25. Bd4 Rxe3 26. Bxe3 Nf8 27. c4 Qc6 28. Qf3 d4 29. Qxc6 bxc6 30. Rxd4 Rxd4 31. Bxd4 Ne6 32. Be3 h5 33. b4 Kf7 34. b5 cxb5 35. axb5 axb5 36. cxb5 Ke8 37. f4 g6 38. g4 hxg4 39. hxg4 f5 40. Kf2 Kd7 41. g5 Kd6 42. Kf3 Nc5 43. Bxc5+ Kxc5 44. Ke3 Kxb5 45. Kd4 Kb4 46. Ke5 Kc4 47. Kf6 Kd4 48. Kxg6 Ke4 49. Kf6 Kxf4 50. g6 Ke4 51. g7 f4 52. g8Q f3 53. Qg1 Kd3 54. Qf2 1-0

[Event "Hessen-ch Seniors op 10th"]
[Site "Bad Sooden-Allendorf"]
[Date "2014.04.26"]
[Round "1"]
[White "Simon, Goetz Jochen"]
[Black "Knaak, Joachim"]
[Result "0-1"]
[WhiteElo "1844"]
[BlackElo "2157"]
[PlyCount "60"]
[EventDate "2014.04.26"]
[EventType "swiss"]
[EventRounds "9"]
[EventCountry "GER"]
[SourceTitle "EXT 2018"]
[Source "ChessBase"]
[SourceDate "2017.10.13"]
[SourceVersion "1"]
[SourceVersionDate "2017.10.13"]
[SourceQuality "1"]

1. e4 c5 2. c3 d5 3. e5 Nc6 4. d4 Bf5 5. Bb5 cxd4 6. cxd4 Bxb1 7. Bxc6+ bxc6 8. Rxb1 Qa5+ 9. Bd2 Qxa2 10. Ne2 Qa6 11. Qc2 e6 12. f4 Nh6 13. Rc1 Rc8 14. b4 Be7 15. h3 Nf5 16. g4 Qxe2+ 17. Kxe2 Nxd4+ 18. Kd3 Nxc2 19. Rxc2 c5 20. bxc5 Rxc5 21. Rhc1 Rxc2 22. Rxc2 Kd7 23. Rb2 Rc8 24. Ba5 Kc6 25. f5 Bc5 26. Rb1 Re8 27. Bc3 exf5 28. gxf5 d4 29. Bxd4 Rd8 30. e6 Rxd4+ 0-1

[Event "Hessen-ch Seniors op 07th"]
[Site "Bad Sooden-Allendorf"]
[Date "2011.05.07"]
[Round "8"]
[White "Jung, Michael"]
[Black "Simon, Goetz Jochen"]
[Result "1-0"]
[WhiteElo "1612"]
[BlackElo "1615"]
[PlyCount "69"]
[EventDate "2011.04.30"]
[EventType "swiss"]
[EventRounds "9"]
[EventCountry "GER"]
[SourceTitle "EXT 2012"]
[Source "ChessBase"]
[SourceDate "2011.11.24"]
[SourceVersion "1"]
[SourceVersionDate "2011.11.24"]
[SourceQuality "1"]

1. c4 e5 2. Nc3 Nf6 3. e4 Bc5 4. g3 Nc6 5. Bg2 Nd4 6. Nge2 0-0 7. 0-0 Ne6 8. d3 c6 9. a3 a5 10. h3 d6 11. Bd2 Bd7 12. a4 h6 13. Rb1 Nh7 14. Kh2 f6 15. Qc1 g5 16. Be3 Qe8 17. g4 Rf7 18. Ng3 Bxe3 19. fxe3 Ng7 20. Rf2 b5 21. b3 b4 22. Nce2 c5 23. Nf5 Bxf5 24. exf5 Kf8 25. Bxa8 Qxa8 26. Qh1 Qxh1+ 27. Kxh1 h5 28. Ng3 h4 29. Ne4 Ke7 30. Kg2 Nf8 31. Rd1 Ne8 32. d4 Nd7 33. dxc5 Nxc5 34. Nxc5 dxc5 35. Rd5 1-0

[Event "Hessen-ch Seniors op 05th"]
[Site "Bad Sooden-Allendorf"]
[Date "2009.04.25"]
[Round "1"]
[White "Romanow, Werner"]
[Black "Simon, Goetz Jochen"]
[Result "1-0"]
[WhiteElo "1972"]
[BlackElo "1626"]
[PlyCount "77"]
[EventDate "2009.04.25"]
[EventType "swiss"]
[EventRounds "9"]
[EventCountry "GER"]
[SourceTitle "EXT 2022"]
[Source "ChessBase"]
[SourceDate "2021.10.06"]
[SourceVersion "1"]
[SourceVersionDate "2021.10.06"]
[SourceQuality "1"]

1. c4 e5 2. Nc3 Bc5 3. Nf3 Nc6 4. g3 Nf6 5. Bg2 0-0 6. 0-0 a6 7. a3 a5 8. d3 h6 9. Bd2 d6 10. Na4 Ba7 11. b4 axb4 12. axb4 Be6 13. Ne1 Qc8 14. b5 Ne7 15. Nf3 Bh3 16. e4 Bxg2 17. Kxg2 Nd7 18. Bb4 f5 19. b6 Nc6 20. c5 Kh8 21. Qb3 Nxb4 22. Qxb4 dxc5 23. Nxc5 fxe4 24. dxe4 Nxc5 25. Qxc5 Bxb6 26. Qxe5 Qg4 27. Nd2 Qe2 28. Rxa8 Rxa8 29. Nb3 Rf8 30. Nd4 Qb2 31. Nf3 Qe2 32. Nd4 Qd3 33. Nf5 Rf6 34. Qe7 Rxf5 35. exf5 Qxf5 36. Qe2 Bc5 37. f3 Bd6 38. Ra1 Qf8 39. Qe4 1-0

[Event "Hessen-ch Seniors op 03rd"]
[Site "Bad Sooden-Allendorf"]
[Date "2007.04.30"]
[Round "3"]
[White "Simon, Goetz Jochen"]
[Black "Maczollek, Helmut"]
[Result "1-0"]
[WhiteElo "1638"]
[BlackElo "1462"]
[PlyCount "53"]
[EventDate "2007.04.27"]
[EventType "swiss"]
[EventRounds "9"]
[EventCountry "GER"]
[SourceTitle "EXT 2022"]
[Source "ChessBase"]
[SourceDate "2021.10.06"]
[SourceVersion "1"]
[SourceVersionDate "2021.10.06"]
[SourceQuality "1"]

1. e4 c6 2. d4 d5 3. Nc3 dxe4 4. Nxe4 Bf5 5. Ng3 Bg6 6. Nf3 Nd7 7. Bd3 Bxd3 8. Qxd3 e6 9. 0-0 Ngf6 10. Re1 Bd6 11. Nf5 Bf8 12. Qb3 Qb6 13. Rxe6+ Kd8 14. Re3 Qxb3 15. Rxb3 b6 16. Ne5 Nxe5 17. dxe5 Nd5 18. c4 Ne7 19. Nd6 Kc7 20. Nxf7 Rg8 21. Bf4 Nf5 22. Rd1 Be7 23. e6+ Bd6 24. Bxd6+ Nxd6 25. Rxd6 Rge8 26. Rd7+ Kb8 27. Nd6 1-0

[Event "GER Seniors Derby 03rd"]
[Site "Undeloh"]
[Date "2004.04.17"]
[Round "6"]
[White "Jabbusch, Burkhard"]
[Black "Simon, Goetz Jochen"]
[Result "1-0"]
[WhiteElo "1943"]
[BlackElo "1643"]
[PlyCount "129"]
[EventDate "2004.04.15"]
[EventType "swiss"]
[EventRounds "7"]
[EventCountry "GER"]
[SourceTitle "EXT 2006"]
[Source "ChessBase"]
[SourceDate "2005.11.24"]
[SourceVersion "1"]
[SourceVersionDate "2005.11.24"]
[SourceQuality "1"]

1. e4 e5 2. d3 Nf6 3. f4 d5 4. fxe5 Ng4 5. Bf4 dxe4 6. d4 g5 7. Bg3 Ne3 8. Qc1 Nxf1 9. Kxf1 Qxd4 10. Ne2 Qd8 11. Nbc3 Bf5 12. Qe3 Bg7 13. Rd1 Nd7 14. Nxe4 Qe7 15. N2c3 Bxe4 16. Qxe4 c6 17. Re1 Qe6 18. Kf2 0-0-0 19. Rhf1 h5 20. h3 h4 21. Bh2 Bf8 22. Kg1 Rg8 23. Qf5 g4 24. hxg4 Rxg4 25. Re4 Bc5+ 26. Kh1 Qxf5 27. Rxf5 Rdg8 28. Rxg4 Rxg4 29. Rxf7 Nf8 30. Bg1 Ne6 31. Bxc5 Nxc5 32. Rf5 Kd7 33. Kh2 Ke6 34. Rh5 Ne4 35. Nxe4 Rxe4 36. Rh7 Rb4 37. b3 Kxe5 38. Kh3 Kf6 39. Rxh4 Rb5 40. Rh7 Rb6 41. g4 Kg6 42. Rh8 Kg7 43. Rd8 Rb5 44. Kh4 Kg6 45. Rd6+ Kf7 46. g5 Rc5 47. Kh5 Rxc2 48. Rd7+ Kf8 49. Rxb7 Rd2 50. Rxa7 Rd6 51. Rb7 Rd2 52. a4 Rh2+ 53. Kg6 Rd2 54. a5 c5 55. Rb6 Rd7 56. Kh6 Rd2 57. a6 Rh2+ 58. Kg6 Ra2 59. Rb8+ Ke7 60. Rb7+ Kd6 61. Kg7 Ke6 62. Rf7 Kd5 63. a7 Ke6 64. g6 Ra6 65. Kf8 1-0

[Event "Bad Zwesten op 8th"]
[Site "Bad Zwesten"]
[Date "2004.01.06"]
[Round "7"]
[White "Simon, Goetz Jochen"]
[Black "Brethauer, Sarah"]
[Result "0-1"]
[WhiteElo "1610"]
[BlackElo "1889"]
[PlyCount "44"]
[EventDate "2004.01.??"]
[EventType "swiss"]
[EventRounds "9"]
[EventCountry "GER"]
[SourceTitle "CBM 098 Extra"]
[Source "ChessBase"]
[SourceDate "2004.03.10"]
[SourceVersion "2"]
[SourceVersionDate "2004.03.10"]
[SourceQuality "1"]

1. e4 c5 2. Nf3 d6 3. d4 cxd4 4. Nxd4 Nf6 5. Nc3 g6 6. Be2 Bg7 7. Be3 Nc6 8. 0-0 0-0 9. h3 Bd7 10. Qd2 a6 11. Rad1 Rc8 12. f4 Na5 13. b3 b5 14. a3 Qc7 15. e5 Qxc3 16. exf6 Bxf6 17. Qxc3 Rxc3 18. Bd3 Rfc8 19. Ne2 Rxc2 20. Bxc2 Rxc2 21. Nc1 Nxb3 22. Nxb3 Rc3 0-1